000 00606nam a2200229 i 4500
001 C2-0074815
003 PPAK
005 20180727081245.0
008 970429s1990 nyua|||| ||||| | eng d
040 _aPPAK
_beng
_cPPAK
_erda
082 0 4 _a646.7242
_223
090 0 0 _a646.7242
_bEBE
_dR
100 1 _aEber, Jose,
_eauthor
245 1 0 _aBeyond hair
264 1 _aNew York :
_bSimon & Schuster ,
_c1990
300 _a156 pages :
_billustrations ;
_c28 cm
336 _2rdacontent
_atext
337 _2rdamedia
_aunmediated
338 _2rdacarrier
_avolume
650 1 0 _aHairdressing
942 _ddc
_cB
999 _c10848
_d10848